[Event "Titled Tuesday intern op 19th Jan"]
[Site "Chess.com INT"]
[Date "2021.01.19"]
[Round "7"]
[White "Mekhitarian, Krikor Sevag"]
[Black "Kollars, Dmitrij"]
[Result "1-0"]
[WhiteElo "2554"]
[BlackElo "2598"]
[PlyCount "105"]
[EventDate "2021.01.19"]
[EventType "swiss (blitz)"]
[EventRounds "11"]
[EventCountry "USA"]
[SourceTitle "CBM 200 Extra"]
[Source "ChessBase"]
[SourceDate "2021.03.31"]
[SourceVersion "1"]
[SourceVersionDate "2021.03.31"]
[SourceQuality "1"]

1. Nf3 d5 2. c4 d4 3. b4 g5 4. h3 h6 5. g3 Bg7 6. d3 e5 7. Bg2 Ne7 8. O-O O-O 9. a4 Ng6 10. Nbd2 f5 11. a5 a6 12. b5 Nd7 $146 ({RR} 12... Be6 13. Nh2 c6 14. bxc6 Nxc6 15. Nb3 e4 16. Ba3 Re8 17. Nc5 Nxa5 18. Nxe6 Rxe6 19. Qa4 Nc6 20. Rab1 Qc7 21. Qb3 Na5 22. Qa2 Rae8 23. c5 Kh7 24. Qd5 Qf7 25. dxe4 f4 26. Nf3 Nc6 27. Rb6 {Mekhitarian,K (2554)-Kuzubov,Y (2605) chess.com INT 2024 0-1 (41)}) 13. Nb3 Nf6 14. b6 cxb6 15. axb6 Qxb6 16. Ba3 Re8 17. Rb1 Qc7 18. Nfd2 Rb8 19. c5 Be6 20. Bb4 Nd5 21. Ba5 Qd7 22. Nc4 Nc3 23. Bxc3 dxc3 24. Nd6 Red8 25. Na5 b6 26. Nc6 bxc5 27. Nxd8 Rxd8 28. Nb7 Rc8 29. Qc2 c4 30. Qxc3 e4 31. Qa5 exd3 32. exd3 c3 33. Nc5 Rxc5 34. Qxc5 Kh7 35. Rb7 Qxd3 36. Qc7 Qd4 37. Re1 Bg8 38. Qd7 Qxd7 39. Rxd7 h5 40. Bd5 Bxd5 41. Rxd5 f4 42. Rxg5 Kh6 43. Rc5 fxg3 44. Rc6 gxf2+ 45. Kxf2 Kh7 46. Rc1 Nf4 47. Kf3 Nd3 48. R1xc3 Bxc3 49. Rxc3 Ne5+ 50. Kf4 Nf7 51. Kf5 Kg7 52. Rc7 a5 53. Ke6 1-0

[Event "Caissa Guatemala Online"]
[Site "Chess.com INT"]
[Date "2021.01.23"]
[Round "6"]
[White "Iturrizaga Bonelli, Eduardo"]
[Black "Pichot, Alan"]
[Result "1-0"]
[WhiteElo "2607"]
[BlackElo "2630"]
[PlyCount "89"]
[EventDate "2021.01.23"]
[EventType "swiss (blitz)"]
[EventRounds "7"]
[EventCountry "GUA"]
[SourceTitle "CBM 200 Extra"]
[Source "ChessBase"]
[SourceDate "2021.03.31"]
[SourceVersion "1"]
[SourceVersionDate "2021.03.31"]
[SourceQuality "1"]

1. c4 Nf6 2. g3 e6 3. Bg2 d5 4. Nf3 d4 5. O-O c5 6. d3 Nc6 7. e3 Bd6 8. exd4 cxd4 9. Bg5 h6 10. Bxf6 Qxf6 11. Nbd2 Qe7 12. a3 a5 13. Rc1 O-O 14. Re1 a4 15. Ne4 Bc7 16. c5 Bd7 $146 ({RR} 16... f5 17. Ned2 e5 18. Nxe5 Nxe5 19. f4 Qf6 20. fxe5 Bxe5 21. c6 b5 22. c7 Ra6 23. Qf3 Kh7 24. Qd5 Re6 25. Nf3 Rfe8 26. Qxb5 R8e7 27. Qb8 Re8 28. Qb4 R8e7 29. Nxe5 Rxe5 30. Rxe5 Qxe5 31. Qc5 {Sjugirov,S (2675)-Baryshpolets,A (2569) chess24.com INT 2020 1-0 (44)}) 17. Rc4 Na5 18. Rb4 Nb3 19. Rxb7 Bc6 20. Rxb3 axb3 21. Nxd4 Bd5 22. Nxb3 Rab8 23. Ned2 Bxb3 24. Nxb3 Rfd8 25. d4 Qd7 26. Qc2 Qa4 27. Re3 Rd7 28. h3 Bd8 29. d5 Bg5 30. f4 Bf6 31. dxe6 fxe6 32. Kh2 Rbd8 33. Qe2 Re7 34. c6 Qa7 35. Rxe6 Rde8 36. f5 Rxe6 37. fxe6 Qb8 38. Nc5 Be5 39. Qe3 Qd6 40. b4 Bd4 41. Qf3 Qe7 42. Qd5 Rd8 43. Nd7 Bf2 44. Qf5 Be1 45. Be4 1-0

[Event "Caissa Guatemala Online"]
[Site "Chess.com INT"]
[Date "2021.01.23"]
[Round "7"]
[White "Zaragatski, Ilja"]
[Black "Henriquez Villagra, Cristobal"]
[Result "1-0"]
[WhiteElo "2522"]
[BlackElo "2600"]
[PlyCount "49"]
[EventDate "2021.01.23"]
[EventType "swiss (blitz)"]
[EventRounds "7"]
[EventCountry "GUA"]
[SourceTitle "CBM 200 Extra"]
[Source "ChessBase"]
[SourceDate "2021.03.31"]
[SourceVersion "1"]
[SourceVersionDate "2021.03.31"]
[SourceQuality "1"]

1. Nf3 Nf6 2. g3 g6 3. b3 Bg7 4. Bb2 b5 5. e4 Bb7 6. e5 Ng4 7. d4 O-O 8. Bg2 $146 ({RR} 8. h3 Nh6 9. Bxb5 d6 10. Nbd2 c5 11. dxc5 Qa5 12. a4 dxe5 13. O-O a6 14. Qe2 axb5 15. axb5 Qc7 16. c6 Nxc6 17. bxc6 Qxc6 18. Qc4 Qd7 19. Qe2 Rac8 20. Qd3 Qc6 21. Qc4 Qb6 22. Qh4 Nf5 {Valiente,C (2320)-Cuasnicu,O (2370) Buenos Aires 1988 0-1}) 8... d6 9. h3 Nh6 10. O-O Nd7 11. Qe2 Rb8 12. Nbd2 b4 13. e6 Nf6 14. Ng5 Bxg2 15. Kxg2 Qc8 16. Rae1 Qb7+ 17. Kh2 Qb5 18. exf7+ Nxf7 19. Qxb5 Rxb5 20. Ne6 Rc8 21. Nxg7 Kxg7 22. Rxe7 Nd5 23. Re2 a5 24. Nc4 Nh6 25. a4 1-0

[Event "Titled Tuesday intern op 26th Jan"]
[Site "Chess.com INT"]
[Date "2021.01.26"]
[Round "5"]
[White "Sychev, Klementy"]
[Black "Zhigalko, Sergei"]
[Result "1-0"]
[WhiteElo "2572"]
[BlackElo "2572"]
[PlyCount "73"]
[EventDate "2021.01.26"]
[EventType "swiss (blitz)"]
[EventRounds "11"]
[EventCountry "USA"]
[SourceTitle "CBM 200 Extra"]
[Source "ChessBase"]
[SourceDate "2021.03.31"]
[SourceVersion "1"]
[SourceVersionDate "2021.03.31"]
[SourceQuality "1"]

1. Nf3 d5 2. g3 c6 3. Bg2 Bg4 4. O-O e6 5. h3 Bh5 6. d4 Nf6 7. c4 Be7 8. Nc3 O-O 9. Qb3 Qb6 10. Ne5 ({RR} 10. Bf4 Nbd7 11. Rfe1 Bg6 12. c5 Qa6 13. Nh4 b6 14. Nxg6 hxg6 15. cxb6 axb6 16. a4 Rfc8 17. e4 dxe4 18. Nxe4 Nd5 19. Bd6 N7f6 20. Bxe7 Nxe4 21. Rxe4 Nxe7 22. Rxe6 fxe6 23. Qxe6+ Kf8 24. Ra3 Qa5 {Kollars,D (2648)-Zhigalko,S (2572) Chess.com INT 2022 1-0}) 10... Nbd7 11. g4 Bg6 12. g5 Qxd4 $146 ({RR} 12... Nxe5 13. gxf6 Bxf6 14. dxe5 Bxe5 15. cxd5 cxd5 16. Qxb6 axb6 17. Bd2 Rfc8 18. Rfc1 Rc4 19. e3 h5 20. a3 Bf5 21. Nd1 Rc6 22. f4 Bf6 23. Rxc6 bxc6 24. Rc1 c5 25. Bc3 Be7 26. Nf2 Bh4 27. e4 {Lagno,K (2523)-Schneider,I (2481) Berlin 2015 1-0 (36)}) 13. gxf6 Nc5 14. Qd1 Qxe5 15. fxe7 Rfe8 16. Be3 Nd7 17. Qd2 Rxe7 18. Bf4 Qh5 19. e4 e5 20. Bg3 dxe4 21. Nxe4 f5 22. Qg5 Qxg5 23. Nxg5 f4 24. Bh4 Nc5 25. Ne4 Bxe4 26. Bxe7 f3 27. Bxc5 fxg2 28. Rfe1 Bf3 29. Rxe5 b6 30. Be7 Re8 31. Re3 Bh5 32. Kxg2 h6 33. Rae1 Rc8 34. Rd3 c5 35. Rd8+ Rxd8 36. Bxd8 Bf7 37. b3 1-0

[Event "Titled Tuesday intern op 26th Jan"]
[Site "Chess.com INT"]
[Date "2021.01.26"]
[Round "6"]
[White "Praggnanandhaa, Rameshbabu"]
[Black "Fedoseev, Vladimir1"]
[Result "1-0"]
[WhiteElo "2608"]
[BlackElo "2687"]
[PlyCount "93"]
[EventDate "2021.01.26"]
[EventType "swiss (blitz)"]
[EventRounds "11"]
[EventCountry "USA"]
[SourceTitle "CBM 200 Extra"]
[Source "ChessBase"]
[SourceDate "2021.03.31"]
[SourceVersion "1"]
[SourceVersionDate "2021.03.31"]
[SourceQuality "1"]

1. Nf3 d5 2. g3 Bf5 3. Bg2 e6 4. O-O Be7 5. d3 h6 6. Nbd2 Nf6 7. b3 c5 ({RR} 7... O-O 8. Qe1 Bh7 9. e4 dxe4 10. dxe4 Nc6 11. Bb2 Bc5 12. Qe2 Qe7 13. a3 a6 14. e5 Nd7 15. b4 Ba7 16. c4 Nb6 17. Ne4 Na4 18. Bc1 Nd4 19. Nxd4 Bxd4 20. Rb1 Bxe5 21. Rb3 Rad8 22. g4 {Fernandez de La Vara,A (2462)-Vovk,O (2315) Chess.com INT 2022 ½-½ (73)}) 8. Bb2 Nc6 9. e4 Bh7 10. Ne5 $146 ({RR} 10. Qe2 O-O 11. e5 Ne8 12. Ne1 Nc7 13. c3 f5 14. f4 d4 15. c4 Qe8 16. Kh1 g5 17. Nc2 a5 18. a3 Na6 19. h3 Bg6 20. Rg1 Bh5 21. g4 fxg4 22. fxg5 gxh3 23. Bf3 Rxf3 24. gxh6+ Kh8 {Vijayalakshmi,S (2399)-Dhar Barua,S (2221) Torquay 2002 1-0 (43)}) 10... Nxe5 11. Bxe5 O-O 12. exd5 Nxd5 13. c4 Bf6 14. Bxf6 Nxf6 15. Bxb7 Bxd3 16. Bxa8 Bxf1 17. Kxf1 Qxa8 18. Qf3 Qb8 19. Rd1 Rd8 20. Qe2 Qd6 21. Ke1 Qd4 22. Nf3 Qc3+ 23. Kf1 Rxd1+ 24. Qxd1 Ne4 25. Qe2 f5 26. Kg2 Kf7 27. h4 g5 28. hxg5 Qg7 29. gxh6 Qxh6 30. Qd3 Ke7 31. Qd1 Qf6 32. Qc2 Qa1 33. Nd2 Qc3 34. Qxc3 Nxc3 35. a3 a5 36. Kf3 e5 37. Ke3 e4 38. g4 Nd1+ 39. Kf4 fxg4 40. Nxe4 a4 41. bxa4 Nb2 42. a5 Nxc4 43. a6 Nb6 44. Nxc5 Kd6 45. Nd3 Kc6 46. Kxg4 Nd5 47. Nb4+ 1-0

[Event "Titled Tuesday intern op 26th Jan"]
[Site "Chess.com INT"]
[Date "2021.01.26"]
[Round "9"]
[White "Mekhitarian, Krikor Sevag"]
[Black "Studer, Noel"]
[Result "1-0"]
[WhiteElo "2554"]
[BlackElo "2579"]
[PlyCount "119"]
[EventDate "2021.01.26"]
[EventType "swiss (blitz)"]
[EventRounds "11"]
[EventCountry "USA"]
[SourceTitle "CBM 200 Extra"]
[Source "ChessBase"]
[SourceDate "2021.03.31"]
[SourceVersion "1"]
[SourceVersionDate "2021.03.31"]
[SourceQuality "1"]

1. Nf3 d5 2. c4 d4 3. b4 f6 4. e3 e5 5. c5 a5 6. Qa4+ Bd7 7. b5 Bxc5 8. Bc4 Ne7 ({RR} 8... Na6 9. Bxg8 Rxg8 10. Qc4 Rf8 11. bxa6 Rxa6 12. Qxc5 Kf7 13. Qd5+ Be6 14. Qxd8 Kg8 15. Qe7 Rd8 16. Qxd8+ Kf7 17. Qxc7+ Ke8 18. Qxb7 Kd8 19. Qxa6 Kc7 20. Qxe6 Kd8 21. Ba3 Kc7 22. Bd6+ Kd8 23. Na3 {Mekhitarian,K (2569)-Gomez Dieguez,D (2310) Chess.com INT 2022 1-0}) 9. Ba3 ({RR} 9. exd4 exd4 10. Ba3 Bxa3 11. Nxa3 Bg4 12. Nxd4 Nd7 13. Nac2 Nb6 14. Qb3 Qd6 15. O-O a4 16. Qc3 O-O-O 17. h3 Bd7 18. Rfe1 Ned5 19. Bxd5 Nxd5 20. Qa5 Nb6 21. Re3 Rhe8 22. Rb1 Re5 23. Ra3 Rde8 {Caruana,F (2823)-Topalov,V (2760) Saint Louis 2016 ½-½ (38)}) ({RR} 9. exd4 exd4 10. Ba3 Na6 11. O-O Nb4 12. Re1 Bg4 13. Qb3 Qd6 14. Bf7+ Kf8 15. Qc4 Bxf3 16. gxf3 b6 17. Bb2 Rd8 18. Bh5 Qd5 19. Qxd5 Nexd5 20. Na3 Nd3 21. Nc4 Nxe1 22. Rxe1 Nf4 23. Bg4 g6 {Regan,N (2045)-Ledger,S (2007) England ENG 2025 0-1 (44)}) 9... Bxa3 10. Qxa3 c6 $146 ({RR} 10... Bg4 11. O-O Nd7 12. Qb3 Nb6 13. Bf7+ Kf8 14. a4 g6 15. Be6 h5 16. Re1 Qd6 17. Bc4 Nxc4 18. Qxc4 Be6 19. Qc2 Kf7 20. exd4 exd4 21. d3 c5 22. bxc6 Nxc6 23. Na3 Rhe8 24. Nb5 Qd7 25. Qd2 {Stremavicius,P (2163)-Juksta,K (2366) Klaipeda 2020 0-1 (40)}) 11. bxc6 Nbxc6 12. O-O Nb4 13. Qb2 b5 14. Bb3 Bc6 15. a3 Nd3 16. Qc2 Be4 17. exd4 Rc8 18. Qd1 a4 19. Ba2 Bxf3 20. Qxf3 Qxd4 21. Nc3 b4 22. axb4 Nxb4 23. Be6 Rc6 24. Rxa4 Rxe6 25. Ra8+ Kf7 26. Rxh8 Qxd2 27. Ne4 Qh6 28. Nc5 Rc6 29. Qb3+ Nbd5 30. Ne4 Re6 31. Rd8 f5 32. Nc5 Rc6 33. Rxd5 Nxd5 34. Qxd5+ Kf8 35. Nd7+ Ke7 36. Nxe5 Re6 37. Qd7+ Kf6 38. Nf3 g5 39. Qd8+ Kg6 40. Qg8+ Kh5 41. Qf7+ Qg6 42. Qxg6+ hxg6 43. g3 g4 44. Nd4 Rd6 45. Ne2 g5 46. Kg2 Kg6 47. Re1 Rd2 48. Kf1 Kf6 49. Nc3 Rc2 50. Nd5+ Kf7 51. Re5 Kg6 52. Ne3 f4 53. Nxg4 f3 54. Re1 Ra2 55. Ne5+ Kf5 56. Nxf3 Kg4 57. Kg2 Ra3 58. h3+ Kf5 59. Re5+ Kf6 60. Rxg5 1-0

[Event "Titled Tuesday intern op 02nd Feb"]
[Site "Chess.com INT"]
[Date "2021.02.02"]
[Round "8"]
[White "Tomashevsky, Evgeny"]
[Black "Kobalia, Mihail"]
[Result "1-0"]
[WhiteElo "2706"]
[BlackElo "2587"]
[PlyCount "111"]
[EventDate "2021.02.02"]
[EventType "swiss (blitz)"]
[EventRounds "11"]
[EventCountry "USA"]
[SourceTitle "CBM 200 Extra"]
[Source "ChessBase"]
[SourceDate "2021.03.31"]
[SourceVersion "1"]
[SourceVersionDate "2021.03.31"]
[SourceQuality "1"]

1. Nf3 Nf6 2. b3 d5 3. Bb2 Bg4 4. e3 Nbd7 5. h3 Bh5 6. g4 Bg6 7. Nh4 ({RR} 7. g5 Ne4 8. d3 Nd6 9. h4 Bh5 10. Bh3 e5 11. Bxd7+ Qxd7 12. Bxe5 O-O-O 13. Nbd2 d4 14. Bxd4 Nb5 15. Bb2 Bb4 16. Ne5 Bxd1 17. Nxd7 Bxc2 18. Ne5 Bxd3 19. Nxd3 Rxd3 20. O-O-O Rhd8 21. Nc4 Rxd1+ {Apaar Saxena (2183)-Petrusic,V (2101) Senta SRB 2025 1-0 (42)}) 7... e5 8. Nc3 $146 ({RR} 8. Nxg6 hxg6 9. Bg2 c6 10. Qe2 Bd6 11. d3 Qe7 12. a3 e4 13. Nd2 Be5 14. Bxe5 Qxe5 15. d4 Qd6 16. f3 exf3 17. Qxf3 O-O 18. O-O Rae8 19. c4 Ne4 20. Nxe4 Rxe4 21. Qf2 Re7 22. cxd5 cxd5 {Bellin,R (2397)-Kennaugh,C (2281) West Bromwich 2005 ½-½}) ({RR} 8. d3 c6 9. Nd2 Bd6 10. Bg2 O-O 11. Qe2 a5 12. a3 Re8 13. Nxg6 hxg6 14. g5 Nh5 15. Qg4 e4 16. dxe4 Be5 17. O-O-O Bxb2+ 18. Kxb2 Ne5 19. Qh4 d4 20. Nf3 a4 21. Rxd4 Qb6 22. Rb4 Qc5 {Grischuk,A (2766)-Caruana,F (2822) Saint Louis 2018 1-0 (49)}) 8... d4 9. Ne2 c5 10. Nxg6 hxg6 11. Bg2 Bd6 12. Ng3 Qc7 13. g5 Nh5 14. Ne4 Be7 15. Qg4 O-O 16. O-O Rad8 17. c3 dxe3 18. dxe3 c4 19. Rad1 b5 20. h4 Nc5 21. bxc4 Na4 22. Bc1 Qxc4 23. Rd7 Qc8 24. Bh3 Rxd7 25. Qxd7 Qxd7 26. Bxd7 a6 27. c4 Nb6 28. Bc6 Nxc4 29. a4 bxa4 30. Bxa4 Nd6 31. Ba3 Nxe4 32. Bxe7 Rb8 33. Bc6 Nc3 34. Kg2 Rb6 35. Bf3 e4 36. Bg4 f5 37. gxf6 Nxf6 38. Bh3 Nfd5 39. Bc5 Rc6 40. Bd4 a5 41. Ra1 a4 42. Ra3 Rc4 43. Bxc3 Rxc3 44. Rxa4 Nf6 45. Be6+ Kh7 46. Rd4 Rc1 47. Bd5 Rc5 48. Bxe4 Nxe4 49. Rxe4 g5 50. hxg5 Rxg5+ 51. Kf3 Rc5 52. Rg4 g5 53. Rd4 Kg6 54. Kg4 Ra5 55. f3 Rb5 56. e4 1-0

[Event "Ville d'Orsay online Blitz"]
[Site "Europe Echecs INT"]
[Date "2021.02.07"]
[Round "11"]
[White "Shchekachev, Andrei"]
[Black "Azarov, Sergei Nikolaevich"]
[Result "1-0"]
[WhiteElo "2515"]
[BlackElo "2604"]
[PlyCount "97"]
[EventDate "2021.02.07"]
[EventType "swiss (blitz)"]
[EventRounds "11"]
[EventCountry "FRA"]
[SourceTitle "CBM 200 Extra"]
[Source "ChessBase"]
[SourceDate "2021.03.31"]
[SourceVersion "1"]
[SourceVersionDate "2021.03.31"]
[SourceQuality "1"]

1. Nf3 f5 2. d3 Nf6 3. e4 d6 4. exf5 Bxf5 5. d4 Nc6 6. Be2 $146 ({RR} 6. c3 Qd7 7. Bb5 a6 8. Bd3 O-O-O 9. O-O e5 10. Bxf5 Qxf5 11. b4 g5 12. a4 e4 13. Ne1 g4 14. b5 Nb8 15. bxa6 Nxa6 16. Na3 Be7 17. Rb1 Qe6 18. c4 d5 19. c5 Nxc5 20. dxc5 Bxc5 {Kocyigit,B (1984)-Isgandarova,K (2173) Denizli TUR 2023 1-0 (39)}) ({RR} 6. d5 Nb4 7. Nd4 Bd7 8. Bc4 c6 9. dxc6 bxc6 10. c3 Nbd5 11. Bg5 Qb8 12. Qe2 e5 13. Na3 Be7 14. O-O h6 15. Bxd5 cxd5 16. Bxf6 Bxf6 17. Qh5+ Kf8 18. Nf5 Kg8 19. Nc2 Be6 20. Nce3 Kh7 {Kobo,O (2507)-Gareyev,T (2584) Dallas 2018 0-1 (36)}) ({RR} 6. Bd3 Qd7 7. Bxf5 Qxf5 8. O-O O-O-O 9. c4 e5 10. d5 Ne7 11. Nc3 h6 12. Be3 a6 13. b4 Ng4 14. b5 a5 15. b6 c6 16. h3 Nxe3 17. fxe3 Qd7 18. Qa4 cxd5 19. Qxa5 Nc6 20. Qa8+ Nb8 {Indjic,A (2650)-Koc,P (2346) chess.com INT 2025 1-0}) 6... e5 7. O-O Be7 8. c4 O-O 9. d5 Nb4 10. Nc3 a5 11. Nh4 Bd7 12. a3 Na6 13. Nf3 h6 14. Qc2 b6 15. Be3 Ng4 16. Bd2 Bf5 17. Bd3 Bxd3 18. Qxd3 Qe8 19. h3 Nc5 20. Qc2 Nf6 21. b4 Ncd7 22. Nh4 Qh5 23. Nf5 Rae8 24. Ng3 Qh4 25. Qg6 Nh7 26. Nf5 Rxf5 27. Qxf5 Ndf8 28. Qg4 Qxg4 29. hxg4 Bg5 30. Bxg5 Nxg5 31. Nb5 Re7 32. Rfc1 Ng6 33. bxa5 bxa5 34. c5 Nf4 35. cxd6 cxd6 36. Rc8+ Kh7 37. Rd1 e4 38. Nxd6 e3 39. fxe3 Rxe3 40. Rc2 Rxa3 41. Nc4 Rg3 42. Kh2 Rxg4 43. d6 Ne4 44. d7 Ne6 45. d8=Q Nxd8 46. Rxd8 Rh4+ 47. Kg1 a4 48. Rd4 Rg4 49. Nd6 1-0

[Event "Titled Tuesday intern op 16th Feb"]
[Site "Chess.com INT"]
[Date "2021.02.16"]
[Round "4"]
[White "Grandelius, Nils"]
[Black "Krysa, Leandro Sergio"]
[Result "1-0"]
[WhiteElo "2663"]
[BlackElo "2527"]
[PlyCount "77"]
[EventDate "2021.02.16"]
[EventType "swiss (blitz)"]
[EventRounds "11"]
[EventCountry "USA"]
[SourceTitle "EXT 2022"]
[Source "ChessBase"]
[SourceDate "2021.10.06"]
[SourceVersion "1"]
[SourceVersionDate "2021.10.06"]
[SourceQuality "1"]

1. Nf3 Nf6 2. g3 b6 3. Bg2 Bb7 4. O-O c5 5. d3 g6 6. e4 Bg7 7. Nc3 ({RR} 7. a4 O-O 8. Re1 Nc6 9. Nbd2 d6 10. Nc4 a6 11. e5 Nxe5 12. Nfxe5 Bxg2 13. Kxg2 dxe5 14. Nxe5 e6 15. Qf3 Nd5 16. Bd2 Qc7 17. Nc4 b5 18. axb5 axb5 19. Rxa8 Rxa8 20. Ne3 Rd8 21. Nxd5 Rxd5 {Carlsen,M (2832)-So,W (2815) Chess.com INT 2017 1-0}) ({RR} 7. c3 O-O 8. Nbd2 Nc6 9. Re1 Rc8 10. e5 Nd5 11. a4 d6 12. e6 fxe6 13. Ng5 Nc7 14. Nxe6 Nxe6 15. Rxe6 Qd7 16. Re1 Ne5 17. Ne4 h6 18. d4 cxd4 19. cxd4 Nc6 20. Be3 Kh8 21. Qd2 Kh7 {Fominykh,M (2206)-Krysa,L (2531) Chess.com INT 2020 0-1 (43)}) 7... O-O 8. e5 $146 ({RR} 8. Nh4 d5 9. e5 Ne8 10. Bf4 e6 11. Qd2 Nd7 12. Rfe1 Nc7 13. Nf3 b5 14. h4 b4 15. Ne2 d4 16. Nc1 a5 17. h5 Bd5 18. Bh6 Ra6 19. Bxg7 Kxg7 20. h6+ Kg8 21. Ng5 Bxg2 22. Kxg2 Qa8+ {Fries Nielsen,J (2385)-Cicak,S (2345) Germany 1989 1-0 (54)}) ({RR} 8. Qe2 d6 9. h3 Nc6 10. a3 Nd4 11. Nxd4 cxd4 12. Nb5 Nd7 13. a4 Nc5 14. b3 a6 15. Na3 Qc7 16. Kh2 Rac8 17. Bd2 d5 18. exd5 Rfd8 19. Bf4 Qd7 20. Nc4 Bxd5 21. Nxb6 Qe6 22. Qxe6 Bxe6 {Astafurov,A (2263)-Persson,M (2282) chess.com INT 2025 1-0 (67)}) 8... Nd5 9. Re1 d6 10. exd6 Qxd6 11. Ne4 Qd7 12. h4 Nc6 13. h5 Rad8 14. h6 Bh8 15. Rb1 Rfe8 16. Bd2 Nd4 17. c3 Nxf3+ 18. Qxf3 Ba8 19. Qe2 f5 20. Ng5 e5 21. Rbd1 Bf6 22. Bc1 Kh8 23. Ne4 Be7 24. Qc2 Qc7 25. Ng5 Bf6 26. Qb3 Bc6 27. Re2 b5 28. Rde1 a5 29. a4 bxa4 30. Qc4 Qd7 31. Qxc5 Rc8 32. Qd6 Rcd8 33. Bxd5 Qxd6 34. Nf7+ Kg8 35. Nxd6+ Bxd5 36. Nxe8 Rxe8 37. Bf4 Bf3 38. Re3 e4 39. Rxf3 1-0

[Event "Titled Tuesday intern op 16th Feb"]
[Site "Chess.com INT"]
[Date "2021.02.16"]
[Round "9"]
[White "Artemiev, Vladislav"]
[Black "Terry, Renato"]
[Result "1-0"]
[WhiteElo "2709"]
[BlackElo "2504"]
[PlyCount "159"]
[EventDate "2021.02.16"]
[EventType "swiss (blitz)"]
[EventRounds "11"]
[EventCountry "USA"]
[SourceTitle "EXT 2022"]
[Source "ChessBase"]
[SourceDate "2021.10.06"]
[SourceVersion "1"]
[SourceVersionDate "2021.10.06"]
[SourceQuality "1"]

1. Nf3 Nf6 2. b3 d5 3. Bb2 c6 4. g3 Bg4 5. Bg2 Nbd7 6. O-O e6 7. d3 Bd6 8. Nbd2 O-O 9. h3 Bh5 10. Qe1 Qe7 ({RR} 10... h6 11. e4 Be7 12. e5 Nh7 13. Nh2 Qb6 14. Kh1 Rae8 15. g4 Bg6 16. f4 f6 17. Nhf3 fxe5 18. Nxe5 Nxe5 19. Bxe5 Bf6 20. Nf3 Rf7 21. Qd2 Nf8 22. Rae1 Nd7 23. Bxf6 Rxf6 24. Ne5 Nxe5 25. Rxe5 {Kapicakova,L (1690)-Kovarikova,M (1745) Liptovsky Mikulas 2019 0-1 (44)}) 11. a3 Bxf3 ({RR} 11... e5 12. Nh4 Bg6 13. e4 Rfe8 14. Qe2 Rad8 15. exd5 Nxd5 16. Nxg6 hxg6 17. Nc4 Bc7 18. Rae1 N7b6 19. Nd2 a5 20. Qd1 Bd6 21. Qa1 Qc7 22. Re2 Re6 23. Rfe1 Rde8 24. Nf3 Nd7 25. d4 exd4 26. Rxe6 {Quinteros,M (2505)-Servat,R (2450) Potrero de los Funes 1995 1-0}) 12. Nxf3 e5 $146 ({RR} 12... Nc5 13. Ne5 Nfd7 14. Nxd7 Nxd7 15. e4 f5 16. exd5 cxd5 17. f4 Nf6 18. c4 dxc4 19. dxc4 Rae8 20. b4 Qf7 21. Rd1 Bb8 22. Be5 h5 23. Bxb8 Rxb8 24. Rd6 Rbe8 25. Qe3 a6 26. Re1 Kh7 27. Rb6 {Carlhammar,M (2310)-Fontaine,R (2360) Cannes 1996 1-0 (40)}) 13. e4 dxe4 14. dxe4 Nc5 15. Nd2 Rad8 16. Nc4 Bc7 17. a4 Rfe8 18. Ba3 b6 19. Qe3 Rd4 20. c3 Rd7 21. a5 Red8 22. axb6 axb6 23. Bxc5 bxc5 24. Ra7 Rd3 25. Qc1 h5 26. h4 Ng4 27. Bh3 Nf6 28. Qg5 Rxc3 29. Ne3 Rxe3 30. fxe3 Rd6 31. Qf5 Rd8 32. Qf3 Qd6 33. g4 hxg4 34. Bxg4 c4 35. bxc4 Bb6 36. Rb7 Qc5 37. Bf5 Qxe3+ 38. Qxe3 Bxe3+ 39. Kg2 Bf4 40. Rc7 g6 41. Rc8 Rxc8 42. Bxc8 Nxe4 43. Rd1 Nd2 44. c5 Nb3 45. Bb7 Nxc5 46. Bxc6 Ne6 47. Bd5 Nd4 48. Rb1 Nf5 49. Kh3 Ne3 50. Ba2 Nf5 51. Rb7 Nh6 52. Bd5 Kg7 53. Be4 Kf6 54. Rb6+ Kg7 55. Bd5 Be3 56. Rb7 Bf4 57. Kg2 Kf6 58. Kf3 Kg7 59. Ke4 Bg3 60. Bc4 Bxh4 61. Kxe5 Bg3+ 62. Ke4 Kf6 63. Bb3 Kg7 64. Kf3 Be5 65. Ke4 Bf6 66. Bd5 Bg5 67. Kd3 Bf6 68. Kc4 g5 69. Kd3 g4 70. Ke4 Bg5 71. Ke5 Kg6 72. Rb6+ f6+ 73. Ke4 Kh5 74. Be6 Kh4 75. Rb1 Kg3 76. Rh1 Kg2 77. Rb1 g3 78. Rb2+ Kg1 79. Kf3 Kf1 80. Rb1+ 1-0

[Event "Titled Tuesday intern op 23rd Feb"]
[Site "Chess.com INT"]
[Date "2021.02.23"]
[Round "3"]
[White "Hjartarson, Johann"]
[Black "Sorokin, Aleksey"]
[Result "1-0"]
[WhiteElo "2525"]
[BlackElo "2521"]
[PlyCount "137"]
[EventDate "2021.02.23"]
[EventType "swiss (blitz)"]
[EventRounds "11"]
[EventCountry "USA"]
[SourceTitle "CBM 200 Extra"]
[Source "ChessBase"]
[SourceDate "2021.03.31"]
[SourceVersion "1"]
[SourceVersionDate "2021.03.31"]
[SourceQuality "1"]

1. Nf3 Nf6 2. g3 g6 3. b4 Bg7 4. Bb2 O-O 5. Bg2 d5 6. O-O c6 7. d3 Bg4 8. Nbd2 ({RR} 8. Ne5 Nbd7 9. Nxg4 Nxg4 10. Bxg7 Kxg7 11. c4 Ngf6 12. Nc3 e6 13. Qb3 a6 14. a4 Qe7 15. b5 axb5 16. axb5 Qc5 17. Na4 Qa7 18. b6 Qa5 19. Rfb1 Nc5 20. Nxc5 Qxc5 21. cxd5 exd5 22. Qb2 Rfe8 {Marn,J (2324)-Starozhilov,L (2294) chess.com INT 2023 1-0 (51)}) 8... Qc8 9. Re1 Bh3 10. Bh1 Re8 $146 ({RR} 10... h6 11. c4 dxc4 12. Nxc4 Rd8 13. Rc1 Be6 14. b5 Bxc4 15. Rxc4 Nd5 16. Bxg7 Kxg7 17. bxc6 Nxc6 18. Ne5 Qe6 19. Nxc6 bxc6 20. Qc2 Rac8 21. Rc1 Rd6 22. Rc5 f6 23. Qc4 Nb6 24. Qxe6 Rxe6 25. Kf1 {Fluvia Poyatos,J (2335)-Martin Fernandez,S (2030) Barcelona 2001 1-0 (61)}) 11. c4 dxc4 12. Nxc4 Be6 13. Qc2 Nbd7 14. Ng5 Bd5 15. e4 Bxc4 16. dxc4 h6 17. Nf3 e5 18. c5 a5 19. a3 b6 20. Nd2 Qa6 21. cxb6 Nxb6 22. Bg2 Rec8 23. Bf1 Qb7 24. Bxe5 axb4 25. axb4 Rxa1 26. Bxa1 Nbd7 27. e5 Nd5 28. e6 fxe6 29. Qxg6 Nf8 30. Qg4 Re8 31. Nc4 Qe7 32. Na5 Rc8 33. h4 Kh8 34. Bxg7+ Qxg7 35. Qe4 Qc3 36. Rb1 Rd8 37. Qg4 Nf6 38. Qf4 Ng8 39. Rc1 Qg7 40. Nxc6 Ng6 41. Qe4 Rf8 42. b5 Nf6 43. Qd4 e5 44. Nxe5 Nxe5 45. Qxe5 Ng4 46. Qxg7+ Kxg7 47. Rc2 Rb8 48. Rb2 Kf6 49. b6 Ne5 50. Bg2 Nc4 51. Rb4 Nxb6 52. Kh2 Nd7 53. Rxb8 Nxb8 54. g4 Nd7 55. Kg3 Nc5 56. f4 Nd3 57. g5+ Kg7 58. Be4 Nc5 59. Bc2 Nd7 60. f5 Kf7 61. Kf4 Kg7 62. Bb3 Kh7 63. f6 Kg6 64. Bc2+ Kf7 65. Kf5 Ke8 66. g6 Nb6 67. Bb3 Nc8 68. g7 Nd6+ 69. Kg6 1-0